Autour de l'école - Statistiques

Statistiques générales
  • Ce quiz a été pris 56 fois
  • Le résultat moyen est 9 sur 24
Statistiques - réponses
Hint Réponse % Correct
Si un élève obtient 15 au bac, quelle mention aura-t-il ? Bien
88%
En quelle année un célèbre mois de mai permit la réforme de l'université ? 1968
75%
Qui rendit l'école obligatoire, gratuite et laïque ? Jules Ferry
75%
Complétez le titre du film de Peter Weir, avec Robin Williams dans le rôle du professeur de français : "Le Cercle des poètes..." disparus
63%
Quel comique, longtemps en duo avec Olivier, joue le rôle du père du "Petit Nicolas", BD adaptée en film en 2009 ? Kad Merad
55%
En 1981, quel humoriste a joué dans le film "Le Maître d'école", réalisé par Claude Berri ? Coluche
51%
En 2012, de quel élève suit-on les vacances, personnage apparu d'abord dans une série de BD et romans de Zidrou et Godi ? Ducobu
51%
Donnez le tire exact de ce film documentaire de Nicolas Philibert, sorti en 2002, qui fait référence aux 2 verbes auxiliaires (3 mots) Etre et avoir
51%
Quelle chanteuse se réjouit quand "l'école est finie" et que "c'est l'heure de la sortie" ? Sheila
47%
En 1975, le Certificat d'Études Primaires est remplacé par un autre examen, désigné sous 4 lettres, lesquelles ? BEPC
45%
Dans une chanson, qui nous fait croire qu'on doit l'école à ce "Sacré Charlemagne" ? Frane Gall
43%
En 1989, quel futur Premier ministre de Jacques Chirac instaura une loi d'orientation sur l'éducation ? Lionel Jospin
31%
Comment s'appelle le pensionnat de jeunes filles évoqué dans cette chanson de Maxime Le Forestier : "Fontenay-aux-..." ? Roses
29%
En 2019, quel ministre veut réformer la scolarité, en instaurant, entre autres, la scolarité obligatoire dès 3 ans ? Jean-Michel Blanquer
27%
Qui décline ses souvenirs de classe en latin dans la chanson "Rosa" ? Jacques Brel
20%
En 1997, quel ministre a voulu "dégraisser le mammouth", le "mammouth" désignant la lourdeur et la taille de son administration ? Claude Allègre
16%
Quel poète est cité dans la chanson de Karen Cheryl "Mes années de lycée" ? Verlaine
16%
Dans la chanson "Michèle" de Gérard Lenorman, quel âge a Michèle au début de la chanson quand elle va au lycée ? 15 ans
14%
Quelle actrice incarne une enseignante dans "Esprits rebelles", sorti en France en 1996 ? Michelle Pfeiffer
14%
Complétez d'un nom d'insecte le titre de cette chanson interprétée par Georgius : "Au lycée..." Papillon
14%
Dans la comédie "Les Sous-Doués passent le bac", une machine distribue des claques ou des sucettes, c'est la machine à... apprendre
12%
En 1996, qui joue le rôle d'un professeur dans "Le Plus Beau Métier du Monde" ? Gérard Depardieu
12%
Quel ministre a donné son nom en 1975 à une loi sur la mise en place d'un "collège unique" ? René Haby
10%
Qui chanta en 1964 "Bonjour, monsieur le maître d'école" ? Bourvil
0%
Aucun quiz correspondant
Distribution des résultats
% des personnes avec chaque résultat
Percentile par nombre de réponses
Votre historique - résultats
Vous n’avez pas pris ce quiz